| 000 | 03991nam0a2200469 4500 | ||
|---|---|---|---|
| 001 | RU\NLR\BIBL_A\022556111 | ||
| 005 | 20260420045301.0 | ||
| 010 |
_a978-5-907681-45-3 _915 |
||
| 021 |
_aRU _bКН-П-25-021407 _9КН-П-25-2164 |
||
| 035 | _a(NLR Aleph) 022556111 | ||
| 090 |
_a13674096 _c13674096 |
||
| 100 | _a20250602d2023 k y0rusy50 ca | ||
| 101 | 0 |
_arus _deng |
|
| 102 | _aRU | ||
| 105 | _aa z 110yy | ||
| 181 | 0 |
_ai3 _baxxe |
|
| 182 | 0 | _an | |
| 200 | 1 |
_aСовременные информационные технологии в образовании, науке и промышленности _dModern information technologies in education, science and industry _eXXVI Международная конференция _zeng |
|
| 203 |
_aТекст _bвизуальный _cнепосредственный |
||
| 210 |
_aМосква _cЭкон-Информ _d2023 |
||
| 215 |
_a203 с. _cил. _d21 |
||
| 300 | _aРез. на англ. яз. | ||
| 300 | _aПосвящается: Году педагога и наставника, 200-летию со дня рождения основателя рос. педагогики К. Д. Ушинского | ||
| 320 | _aБиблиогр. в конце ст. | ||
| 423 | 0 |
_12001#$aXXIV Международный конкурс научных и научно-методических работ$dXXIV International competition scientific and scientific-methodical works$zeng _1210##$aМосква$d2023 _1215##$aС. 124-182 _tXXIV Международный конкурс научных и научно-методических работ |
|
| 423 | 0 |
_12001#$aIII Международный конкурс "Нейросетевой рисунок"$dIII International competition "Neural network drawing"$e[к сборнику в целом] сборник трудов$fМеждународная академия информатизации, Региональное отделение "Информационные технологии и процессы" [и др.]$gответственный редактор и составитель: Т. В. Пирязева$zeng _1210##$aМосква$d2023 _1215##$aС. 183-200 _tIII Международный конкурс "Нейросетевой рисунок" |
|
| 510 | 1 |
_aModern information technologies in education, science and industry _zeng |
|
| 606 | 1 |
_aОбразование _jСъезды, совещания и т.п _xИнформационные технологии _92103593 _3RU\NLR\AUTH\661575610 |
|
| 606 | 1 |
_aНаука _jСъезды, совещания и т.п _xИнформационные технологии _92404964 _3RU\NLR\AUTH\661433320 |
|
| 606 | 1 |
_aПромышленность _jСъезды, совещания и т.п _xИнформационные технологии _92213950 _3RU\NLR\AUTH\6601563460 |
|
| 686 | 1 | _aУ30(0)в612я431 | |
| 686 | 1 | _aЧ312.31я431 | |
| 686 | 1 | _aЧ21ф.я431 | |
| 702 | 1 |
_aПирязева _bТ. В. _gТатьяна Васильевна _4340 _4220 |
|
| 711 | 1 | 2 |
_a"Современные информационные технологии в образовании, науке и промышленности", международная конференция _d26 _eМосква _f2023 _92660592 _3RU\NLR\AUTH\880628224 |
| 711 | 1 | 2 |
_a"Нейросетевой рисунок", международный конкурс _d3 _eМосква _f2023 _92660591 _3RU\NLR\AUTH\880628223 |
| 712 | 0 | 2 |
_4557 _aМеждународная академия информатизации _bРегиональное отделение "Информационные технологии и процессы" _cМосква _9715932 _3RU\NLR\AUTH\880527153 |
| 942 | _cBOOK | ||
| 980 | _aNB | ||